Straw bale building

সংরক্ষণ করুন:
গ্রন্থ-পঞ্জীর বিবরন
প্রধান লেখক: Chris Magwood
বিন্যাস: গ্রন্থ
ভাষা:Undetermined
প্রকাশিত: Canada New Society Publishers 2000
বিষয়গুলি:
ট্যাগগুলো: ট্যাগ যুক্ত করুন
কোনো ট্যাগ নেই, প্রথমজন হিসাবে ট্যাগ করুন!
Thư viện lưu trữ: Trung tâm Học liệu Trường Đại học Cần Thơ
LEADER 00436nam a2200169Ia 4500
001 CTU_55970
008 210402s9999 xx 000 0 und d
082 |a 690 
082 |b M213 
100 |a Chris Magwood 
245 0 |a Straw bale building 
245 0 |c Chris Magwood 
260 |a Canada 
260 |b New Society Publishers 
260 |c 2000 
650 |a Building design 
980 |a Trung tâm Học liệu Trường Đại học Cần Thơ